Estadísticas para Animales en peligro de extinción en 2023

Haz click aquí para intentar la prueba.

Estadísticas generales

  • Esta prueba ha sido intentada 73 veces
  • La puntuación promedio es 6 de 27

Estadísticas de respuestas

Animal% Correcto
Tigre
67%
Lince ibérico
62%
Oso polar
59%
Oso panda
49%
Águila filipina
43%
Leopardo de las nieves
34%
Tortuga angonoka
33%
Gorila occidental
30%
Rana arborícora
25%
Buitre
23%
Ajolote
21%
Chimpancé común
21%
Pangolín
20%
Esturión beluga
16%
Lemur
15%
Guacamayo militar
11%
Mariposa monarca
11%
Gavial indio
7%
Mandril
7%
Antílope Saiga
5%
Grulla de coronilla roja
3%
Mono dorado de nariz chata
3%
Tamarino multicolor
3%
Ángel del mar
2%
Mono narigudo
2%
Olm
2%
Pico zapatos
0%

Distribución de puntuación

Porcentaje por número respondido

Porcentaje de gente con cada puntuación

Historial de tus puntuaciones

No has intentado esta prueba.